| 000 | 00615nam a22002297a 4500 | ||
|---|---|---|---|
| 003 | LK-CoMWRAF | ||
| 005 | 20240229111823.0 | ||
| 008 | 240127b2006 |||||||| |||| 00| 0 eng d | ||
| 040 |
_aLK-CoMWRAF _dLK-CoMWRAF _eLK-CoMWRAF |
||
| 041 | _aeng | ||
| 082 |
_a362.829 _bTOW |
||
| 242 | _aMattrankalullaha | ||
| 245 | _aTowards change | ||
| 260 |
_aBatticaloa: _bCare international, _c2006 |
||
| 300 | _a110 p. | ||
| 650 | _aDOMESTIC VIOLENCE | ||
| 650 | _aAbused women-Sri Lanka | ||
| 700 |
_aJayasankar, Visuki _ecomp. |
||
| 700 |
_aKathiravelu, Srichitra _ecomp. |
||
| 700 |
_aFelix, S.M. _ecomp. |
||
| 942 | _cBK | ||
| 999 |
_c4682 _d4682 |
||